Nourriture en C - Statistiques

Statistiques générales
  • Ce quiz a été pris 563 fois
  • Le résultat moyen est 6 sur 10
Statistiques - réponses
Par images Réponse % Correct
Carotte
100%
Concombre
94%
Camembert
90%
Crème brûlée
81%
Châtaigne
76%
Céleri (rave)
48%
Cassis
44%
Ciboulette
25%
Cresson
18%
Chapati
3%
Aucun quiz correspondant
Distribution des résultats
% des personnes avec chaque résultat
Percentile par nombre de réponses
Votre historique - résultats
Vous n’avez pas pris ce quiz